Statistics for West Ham United Premier League Players

Click here to take the quiz!

General Stats

  • This quiz has been taken 78 times
  • The average score is 64 of 288

Answer Stats

The Hammers% Correct
Mark Noble
86%
Joe Cole
74%
Carlton Cole
74%
Angelo Ogbonna
74%
Łukasz Fabiański
71%
Aaron Cresswell
71%
Demba Ba
69%
Rio Ferdinand
69%
Les Ferdinand
69%
Anton Ferdinand
69%
Richard Hall
66%
Kyel Reid
66%
Dimitri Payet
66%
Issa Diop
66%
Manuel Lanzini
66%
Michail Antonio
66%
Adrián
66%
Robert Hall
66%
Winston Reid
66%
Declan Rice
63%
Roy Carroll
63%
Andy Carroll
63%
Paolo Di Canio
60%
Frank Lampard
60%
Glen Johnson
60%
Roger Johnson
60%
Robert Green
57%
Sébastien Haller
57%
Pablo Zabaleta
57%
Alvin Martin
57%
Kevin Nolan
54%
Felipe Anderson
54%
David James
54%
Steve Jones
54%
Robert Snodgrass
51%
Ryan Fredericks
51%
Michael Carrick
49%
Joe Hart
49%
James Collins
49%
Javier Mascherano
46%
Jermain Defoe
46%
Julian Dicks
46%
Carlos Tevez
46%
Nigel Reo-Coker
46%
Cheikhou Kouyaté
46%
Ian Wright
46%
Bobby Zamora
46%
Marlon Harewood
46%
Fabián Balbuena
46%
Jack Wilshere
43%
Yossi Benayoun
40%
Ricardo Vaz Tê
40%
Martin Allen
40%
Clive Allen
40%
Arthur Masuaku
40%
Marko Arnautović
40%
Darren Randolph
40%
Andriy Yarmolenko
40%
Pedro Obiang
37%
Dean Ashton
37%
Shaka Hislop
37%
Scott Parker
37%
Carlos Sánchez
37%
Teddy Sheringham
37%
Slaven Bilic
37%
Frédéric Kanouté
34%
Jussi Jääskeläinen
34%
Tomáš Řepka
34%
James Tomkins
34%
Lukek Miklosko
34%
Luis Boa Morte
34%
Javier Hernández
34%
Mark Bowen
34%
Jonathan Spector
34%
Matthew Etherington
34%
Pablo Fornals
31%
Trevor Sinclair
31%
Matt Jarvis
31%
Alex Song
31%
Rigobert Song
31%
Diafra Sakho
31%
Kenny Brown
31%
Matthew Taylor
31%
Jack Collison
31%
Stephen Potts
31%
Danny Potts
31%
Craig Bellamy
29%
John Hartson
29%
Lee Bowyer
29%
Carl Jenkinson
29%
Edouard Cisse
29%
Mohamed Diamé
29%
Christian Dailly
29%
Tony Cottee
29%
Julian Faubert
29%
Stuart Pearce
29%
Jimmy Walker
29%
Fredrik Ljungberg
26%
Ian Bishop
26%
George McCartney
26%
Gary O'Neil
26%
Don Hutchison
26%
Robbie Keane
26%
Thomas Hitzlsperger
26%
Davor Šuker
26%
Ian Pearce
26%
Nigel Winterburn
23%
Joey O'Brien
23%
Matthew Upson
23%
Neil Ruddock
23%
Enner Valencia
23%
Paul Konchesky
23%
Reece Oxford
23%
Simone Zaza
23%
André Ayew
23%
Valon Behrami
20%
Hayden Mullins
20%
Sofiane Feghouli
20%
Elliott Ward
20%
John Moncur
20%
Mark Watson
20%
Tyrone Mears
20%
Eyal Berkovic
20%
Paul Kitson
20%
João Mário
20%
Sébastien Schemmel
20%
Tim Breacker
20%
Mauro Zárate
20%
Danny Gabbidon
20%
Tony Gale
20%
Lucas Neill
20%
Kieron Dyer
17%
Stewart Downing
17%
Freddie Sears
17%
Alessandro Diamanti
17%
Mike Marsh
17%
Trevor Morley
17%
Edimilson Fernandes
17%
Steve Lomas
17%
Álvaro Arbeloa
17%
Stephen Bywater
17%
Nigel Quashie
17%
Michael Hughes
17%
Diego Poyet
17%
Keith Rowland
14%
Marco Boogers
14%
Lucas Pérez
14%
Elliott Lee
14%
Clive Clarke
14%
Ian Dowie
14%
Colin Foster
14%
Junior Stanislas
14%
Marc Rieper
14%
Craig Forrest
14%
Guy Demel
14%
Josh Cullen
14%
Ravel Morrison
14%
Andy Impey
14%
Marc Vivien Foe
14%
Robbie Slater
14%
Grady Diangana
11%
Benni McCarthy
11%
Les Sealey
11%
Ian Moore
11%
Gary Charles
11%
Sam Byram
11%
Frédéric Piquionne
11%
Lee Chapman
11%
Samir Nasri
11%
Dale Gordon
11%
Marouane Chamakh
11%
Gökhan Töre
11%
Modibo Maïga
11%
Paulo Futre
11%
Stan Lazaridis
11%
Paulo Wanchope
11%
Radoslav Kovac
11%
Morgan Amalfitano
11%
Luis Jimenez
11%
Roberto Jiménez
11%
Marc Keller
11%
Ilan
11%
Tal Ben Haim
11%
Frank Nouble
9%
Sasa Ilic
9%
Richard Garcia
9%
Matt Holmes
9%
Jonathan Calleri
9%
Stuart Robson
9%
Henri Camara
9%
Titi Camara
9%
Hayden Foxe
9%
Jérémie Aliadière
9%
Carl Fletcher
9%
Marco Borriello
9%
Shaun Newton
9%
Adam Newton
9%
Kaba Diawara
9%
Bernard Lama
9%
Vladimír Labant
9%
Igor Stimac
9%
Gary Kelly
9%
Rufus Brevett
9%
Wayne Bridge
9%
Ashley Fletcher
9%
Patrice Evra
9%
Victor Moses
9%
Alou Diarra
9%
Florin Raducioiu
6%
Matthew Rush
6%
Svetoslav Todorov
6%
Hugo Porfirio
6%
David Unsworth
6%
Peter Butler
6%
Simon Webster
6%
Dani
6%
Martin Peat
6%
Herita N'Kongolo Ilunga
6%
David Di Michele
6%
Scott Minto
6%
Paul Mitchell
6%
Walter Lopez
6%
Antonio Nocerino
6%
Hogan Ephraim
6%
Scott Mean
6%
Nikica Jelavić
6%
Victor Obinna
6%
Jordan Hugill
6%
Pablo Barrera
3%
Raimond van der Gouw
3%
José Fonte
3%
David Bellion
3%
Gabor Kiraly
3%
Pablo Armero
3%
Jeroen Boere
3%
Ilie Dumitrescu
3%
Zavon Hines
3%
Nolberto Solano
3%
Paulo Alves
3%
Guillermo Franco
3%
John Harkes
3%
Peter Shilton
3%
Javier Margas
3%
Grant McCann
3%
Calum Davenport
3%
John Pantsil
3%
Emmanuel Omoyinmi
3%
Chris Coyne
3%
Manuel Da Costa
3%
Răzvan Raț
3%
Håvard Nordtveit
3%
Fabio Daprela
3%
David Burrows
3%
Omer Riza
3%
Samassi Abou
3%
Lionel Scaloni
3%
Mike Newell
3%
Mido
3%
Jordan Spence
0%
Lee Boylan
0%
Josh Payne
0%
Emanuel Pogatetz
0%
David Partridge
0%
Gary Breen
0%
Lee Hodges
0%
Laurent Courtois
0%
Gavin Holligan
0%
Danny Williamson
0%
Adrian Whitbread
0%
Paul Marquis
0%
Lars Jacobsen
0%
Christian Bassila
0%
Savio Nsereko
0%
Peter Kurucz
0%
Shaun Byrne
0%
Neil Finn
0%
Diego Tristan
0%
Alex Bunbury
0%
Ragnvald Soma
0%
Steve Mautone
0%
Hannu Tihinen
0%
Emmanuel Emenike
0%
David Terrier
0%
Gerry Peyton
0%
Kepa Blanco
0%
Ruud Boffin
0%
Marek Stech
0%
Yaniv Katan
0%

Score Distribution

Percentile by Number Answered

Percent of People with Each Score

Your Score History

You have not taken this quiz